[Event "St Petersburg op"]
[Site "St Petersburg"]
[Date "2002.??.??"]
[Round "1"]
[White "Tappyrov, Vladimir"]
[Black "Rakitskaja, Mariya"]
[Result "1-0"]
[WhiteElo "2339"]
[BlackElo "2154"]
[PlyCount "113"]
[EventDate "2002.??.??"]
[EventType "swiss"]
[EventRounds "9"]
[EventCountry "RUS"]
[SourceTitle "EXT 2006"]
[Source "ChessBase"]
[SourceDate "2005.11.24"]
[SourceVersion "1"]
[SourceVersionDate "2005.11.24"]
[SourceQuality "1"]

1. d4 Nf6 2. Bg5 d5 3. Nf3 e6 4. c4 Be7 5. e3 0-0 6. Nc3 h6 7. Bxf6 Bxf6 8. Qd2 b6 9. 0-0-0 Bb7 10. cxd5 exd5 11. g4 Bh4 12. g5 hxg5 13. Nxh4 gxh4 14. Rg1 Nd7 15. Bd3 f5 16. Rg2 h3 17. Rg3 Qh4 18. Rdg1 Rf7 19. Ne2 Nf6 20. Nf4 Ne4 21. Bxe4 fxe4 22. Rxh3 Qf6 23. Ng6 Rd7 24. Rh8+ Kf7 25. Rxa8 Bxa8 26. Ne5+ Ke7 27. Rg6 Qf8 28. Nxd7 Kxd7 29. Qe2 Kc8 30. a3 a5 31. h4 Kb8 32. h5 Bb7 33. Kb1 Ka7 34. Qc2 Qf7 35. Ka1 Ba6 36. Qc6 Bb7 37. Qc1 Ba6 38. Qg1 Bc4 39. Qg3 Ka6 40. Qf4 Qe7 41. Kb1 Be2 42. Qe5 Qd7 43. Qe6 Qxe6 44. Rxe6 Bxh5 45. Re5 g6 46. Rxd5 Kb7 47. Kc1 Bg4 48. Kd2 Kc6 49. Rd8 Be6 50. Kc3 g5 51. d5+ Bxd5 52. Kd4 Be6 53. Kxe4 g4 54. Ke5 Bc4 55. Rd2 Ba6 56. e4 Bc8 57. Kf6 1-0

[Event "St Petersburg op"]
[Site "St Petersburg"]
[Date "2002.??.??"]
[Round "4"]
[White "Timofeev, Andrei"]
[Black "Tappyrov, Vladimir"]
[Result "0-1"]
[WhiteElo "2320"]
[BlackElo "2339"]
[PlyCount "180"]
[EventDate "2002.??.??"]
[EventType "swiss"]
[EventRounds "9"]
[EventCountry "RUS"]
[SourceTitle "EXT 2006"]
[Source "ChessBase"]
[SourceDate "2005.11.24"]
[SourceVersion "1"]
[SourceVersionDate "2005.11.24"]
[SourceQuality "1"]

1. c4 Nf6 2. Nc3 g6 3. g3 Bg7 4. Bg2 0-0 5. d3 c6 6. e4 d6 7. Nge2 Bd7 8. 0-0 Qc8 9. Re1 Bh3 10. Bh1 e5 11. Rb1 c5 12. b4 Nc6 13. bxc5 dxc5 14. Nd5 b6 15. Nec3 Ne8 16. Be3 h6 17. a4 Kh7 18. Bg2 Bg4 19. f3 Be6 20. Re2 Nd6 21. Nb5 Qd7 22. Nxd6 Qxd6 23. Ra2 Bxd5 24. cxd5 Nb4 25. Rab2 a5 26. Bf1 f5 27. Rf2 f4 28. Bd2 h5 29. Qc1 Ra7 30. Qc4 Bh6 31. g4 hxg4 32. fxg4 Qd7 33. Qb5 Qxb5 34. axb5 f3 35. g5 Bg7 36. Rb3 a4 37. Ra3 Nc2 38. Ra2 Nd4 39. Bh3 a3 40. Rf1 f2+ 41. Rxf2 Rxf2 42. Kxf2 Nxb5 43. Bc1 Bf8 44. Be6 Bd6 45. h4 c4 46. dxc4 Nc3 47. Ra1 Nxe4+ 48. Ke3 Ng3 49. Ra2 Nf5+ 50. Kd3 Nd4 51. Bg4 Nb3 52. Be3 Nc5+ 53. Kc2 Ra4 54. Be2 Kg7 55. Bxc5 Bxc5 56. Kc3 Ra8 57. Kb3 Rh8 58. Rd2 Rxh4 59. Bd1 Rd4 60. Rxd4 exd4 61. Bc2 Be7 62. Bd3 Kf7 63. Ka2 Bxg5 64. Kxa3 Be7+ 65. Kb3 g5 66. Kc2 Kf6 67. Kd2 Ke5 68. Ke2 Kf4 69. Kf2 g4 70. Bf1 Bh4+ 71. Ke2 Kg3 72. d6 Bf6 73. Ke1 Kf3 74. Be2+ Kf4 75. Kd2 g3 76. Ke1 Ke3 77. Bf1 d3 78. Bg2 d2+ 79. Kd1 Bg5 80. d7 Kf2 81. Bh3 g2 82. Bxg2 Kxg2 83. d8Q Bxd8 84. Kxd2 Be7 85. Kc3 Kf3 86. Kb3 Ke4 87. Kc2 Kd4 88. Kb3 Bc5 89. Ka4 Kc3 90. Kb5 Kb3 0-1